| 000 | 00871nam a2200265 a 4500 | ||
|---|---|---|---|
| 001 | 49847 | ||
| 003 | BD-RjUL | ||
| 005 | 20211209054734.0 | ||
| 008 | 160822s1983 enk b 001 0 eng | ||
| 020 |
_a071009423X : _c£13.95 ($22.50 U.S.) |
||
| 020 |
_a0710094248 (pbk.) : _c£6.95 (est.) ($12.50 U.S.) |
||
| 035 | _a(BD-RjUL) 49967 | ||
| 040 |
_aDLC _cDLC _dDLC _dBD-RjUL _beng |
||
| 041 | _aeng | ||
| 082 | 0 | 0 |
_a361.941 _223 _bAPP 1983 |
| 245 | 0 | 0 |
_aApproaches to welfare / _cPhilip Bean and Stewart MacPherson. |
| 260 |
_aLondon ; _aBoston : _bRoutledge & Kegan Paul, _cc1983 |
||
| 300 |
_axviii, 301 p. ; _c23 cm. |
||
| 504 | _aIncludes bibliographies and indexes. | ||
| 650 | 0 |
_aPublic welfare _zGreat Britain. _9149401 |
|
| 650 | 0 |
_aWelfare state. _9126829 |
|
| 700 | 1 |
_aBean, Philip, _d1936- _9149402 |
|
| 700 | 1 |
_aMacPherson, Stewart. _9149403 |
|
| 942 |
_2ddc _cBK |
||
| 999 |
_c49847 _d49847 |
||